000 00809nam a2200205Ii 4500
003 JO-AjNU
008 230605s9999||||xx |||||||||||||| ||und||
017 _a2002/3/551
040 _aJO-AjNU
_bara
_erda
_cJO-AjNU
041 _aara
050 1 4 _aDS154.9.A5.Q9282 2002
100 3 _aتاليف قازان، صلاح يوسف,
_eauthor
_961108
245 0 0 _aعمان في مطلع القرن العشرين: السجل الشرعي الاول لناحية عمان 1319-1326هـ/1902-1908م دراسة وتحقسق
264 3 1 _aعمان :وزارة الثقافة، 2002
300 _a566ص
336 _atext
_btxt
_2rdacontent
337 _aunmediated
_bn
_2rdamedia
338 _avolume
_bnc
_2rdacarrier
650 4 _aمحاكم الاحوال الشخصية-الاردن- تاريخ- قرن 20
_961109
999 _aA27601
_c31169
_d31169